| 000 | 01184cam a2200361 a 4500 | ||
|---|---|---|---|
| 001 | 4888496 | ||
| 003 | OSt | ||
| 005 | 20260213155644.0 | ||
| 008 | 930616r1993 ilu 000 0 eng | ||
| 010 | _a 93025952 | ||
| 020 |
_a0891077391 _qv. 1 |
||
| 020 |
_a0891077405 _qv. 2 |
||
| 020 |
_a9780891077398 _q(v. 1) |
||
| 020 |
_a9780891077404 _q(v. 2) |
||
| 035 | _a4888496 | ||
| 040 |
_aDLC _cDLC _dDLC |
||
| 050 | 0 | 0 |
_aBS1430.3 _b.S685 1993 |
| 082 | 0 | 0 |
_a223/.207 _220 |
| 100 | 1 |
_aSpurgeon, C. H. _q(Charles Haddon), _d1834-1892. |
|
| 245 | 1 | 0 |
_aPsalms / _cby Charles Spurgeon. |
| 260 |
_aWheaton, Ill. : _bCrossway Books, _cc1993. |
||
| 300 |
_a2 v. ; _c22 cm. |
||
| 336 |
_atext _btxt _2rdacontent |
||
| 337 |
_aunmediated _bn _2rdamedia |
||
| 338 |
_avolume _bnc _2rdacarrier |
||
| 440 | 0 | _aCrossway classic commentaries | |
| 630 | 0 | 0 |
_aBible. _pPsalms _xCommentaries. |
| 730 | 0 | 2 |
_aBible. _pPsalms. _lEnglish. _sAuthorized. _f1993. |
| 906 |
_a7 _bcbc _corignew _d1 _eocip _f19 _gy-gencatlg |
||
| 942 |
_2lcc _cBK |
||
| 999 |
_c21232 _d21231 |
||